00000000nam 2200000zi 4500
0019.929966
003CaOODSP
00520250702130055
006m     o  d f      
007cr mn|||||||||
008231106t20242024nfcdab  ob   f000 0 eng d
020 |a9780660686967
040 |aCaOODSP|beng|erda|cCaOODSP
041 |aeng|bfre
043 |an-cn-nf
0861 |aFs97-6/3579E-PDF
1001 |aWheeland, Laura, |eauthor.
24510|aSummary of comparative fishing data collected in Newfoundland and Labrador from 2021-2022 / |cLaura Wheeland, Katherine Skanes, and Samantha Trueman.
264 1|aSt. John’s, NL : |bScience Branch, Newfoundland and Labrador Region, Fisheries and Oceans Canada, Northwest Atlantic Fisheries Centre, |c2024.
264 4|c©2024
300 |a1 online resource (iv, 132 pages) : |bcharts, illustrations, maps.
336 |atext|btxt|2rdacontent
337 |acomputer|bc|2rdamedia
338 |aonline resource|bcr|2rdacarrier
4901 |aCanadian technical report of fisheries and aquatic sciences, |x1488-5379 ; |v3579
504 |aIncludes bibliographical references.
520 |a"Fisheries and Oceans Canada (DFO) has acquired two new offshore research vessels on the east coast of Canada: the Canadian Coast Guard Ship (CCGS) Capt Jacques Cartier and the CCGS John Cabot. These research vessels (RVs) will be conducting DFO surveys off the coast of Newfoundland & Labrador (NL) in the coming years. In order to ensure continuation of the time series used for single species and ecosystem indices, and other metrics used when providing advice, comparative fishing is necessary between these new vessels and those previously used for these surveys (CCGS Teleost and CCGS Alfred Needler). Paired fishing facilitates analyses to determine any major catchability differences (by species, size, etc.) between the old and new vessels. Comparative fishing took place in the fall of 2021 and 2022, and in the spring of 2022. This document provides a review of paired sets completed during these seasons"--Abstract, page iv.
546 |aIncludes abstract in French.
650 0|aFish surveys|zNewfoundland and Labrador|zAtlantic Coast.
650 6|aInventaires ichtyologiques|zTerre-Neuve-et-Labrador|zAtlantique, Côte de l'.
7101 |aCanada. |bDepartment of Fisheries and Oceans. |bNewfoundland and Labrador Region, |eissuing body.
7102 |aNorthwest Atlantic Fisheries Centre (Canada), |eissuing body.
830#0|aCanadian technical report of fisheries and aquatic sciences ;|v3579.|w(CaOODSP)9.504449
85640|qPDF|s12.77 MB|uhttps://publications.gc.ca/collections/collection_2024/mpo-dfo/Fs97-6-3579-eng.pdf